अन्वेषण कोर्स / (Record no. 65161)

MARC details
000 -LEADER
fixed length control field 00593nam a22001697a 4500
005 - DATE AND TIME OF LATEST TRANSACTION
control field 20190118142535.0
020 ## - INTERNATIONAL STANDARD BOOK NUMBER
Terms of availability 150.00
International Standard Book Number 8187364203
035 ## - SYSTEM CONTROL NUMBER
System control number B-207533, B-207535
037 ## - SOURCE OF ACQUISITION
Source of stock number/acquisition
Stock number dpl
082 ## - DEWEY DECIMAL CLASSIFICATION NUMBER
Classification number 363.25
100 ## - MAIN ENTRY--PERSONAL NAME
Personal name अखिलेश, एस.
245 1# - TITLE STATEMENT
Title अन्वेषण कोर्स /
Statement of responsibility, etc एस.अखिलेश
260 ## - PUBLICATION, DISTRIBUTION, ETC. (IMPRINT)
Place of publication, distribution, etc रीवा
Name of publisher, distributor, etc गायत्री पब्लिकेशन्स
Date of publication, distribution, etc 2005-06
270 ## - ADDRESS
Address
City
Postal code
Telephone number
300 ## - PHYSICAL DESCRIPTION
Extent 136पृ.
Dimensions 22सेमी (सजिल्द)
942 ## - ADDED ENTRY ELEMENTS (KOHA)
Institution code [OBSOLETE] dpl
Item type Hindi Books
Call number prefix
Source of classification or shelving scheme Dewey Decimal Classification
Classification part 363.25
Call number suffix अखिले
Holdings
Withdrawn status Lost status Not for loan Collection code Home library Current library Date acquired Cost, normal purchase price Full call number Barcode Cost, replacement price Koha item type Source of acquisition
      Non-fiction Sarojini Nagar Sarojini Nagar 18/04/2012 150.00 363.25 अखिले B-207533 150.00 Hindi Books  
      Non-fiction Shahdara Branch Shahdara Branch 18/01/2019   363.25 अखिले B-207535   Hindi Books BPPD/PUB

© Delhi Public Library
Hit Counter
free hit counter